00577nam a2200169Ia 4500003000900000008004100009040001600050080002200066110003300088245013200121260005000253300000900303500002800312650002800340650001800368650002100386IN-BaIIA211028s9999 xx 000 0 eng d cIIA Library a083.7:698.12bISI aIndian Standards Institution 0aIndian standard code of practice for painting of ferrous metals in buildingsbpt. 1, pretreatmentcIndian Standards Institution aNew DelhibIndian Standards Institutionc1971 a22p. aIS 1477 : Part 1 : 1971 a Engineering-Standards a Standards  aNASA Thesaurus